La dignidad de la persona desde la filosofía del derecho / (Record no. 116267)

MARC details
000 -LEADER
fixed length control field 00935cam a2200217 4500
005 - DATE AND TIME OF LATEST TRANSACTION
control field 20190618120406.0
008 - FIXED-LENGTH DATA ELEMENTS--GENERAL INFORMATION
fixed length control field 190618t 2003sp ||||| |||| 00| 0 spa d
020 ## - INTERNATIONAL STANDARD BOOK NUMBER
International Standard Book Number 8497722345
050 04 - LIBRARY OF CONGRESS CALL NUMBER
Classification number JC571
Item number C83 2003
100 ## - MAIN ENTRY--PERSONAL NAME
Personal name Barba Martinez, Gregorio Peces
245 00 - TITLE STATEMENT
Title La dignidad de la persona desde la filosofía del derecho /
Statement of responsibility, etc Gregorio Peces Barba Martínez,
250 ## - EDITION STATEMENT
Edition statement 2a ed.
260 ## - PUBLICATION, DISTRIBUTION, ETC. (IMPRINT)
Place of publication, distribution, etc Madrid, España:
Name of publisher, distributor, etc Dykinson,
Date of publication, distribution, etc 2003
300 ## - PHYSICAL DESCRIPTION
Extent 82. ;
Dimensions 21 cm.
440 ## - SERIES STATEMENT/ADDED ENTRY--TITLE
Title (Cuadernos "Bartolomé de las Casas" ;
Volume number/sequential designation No. 26)
500 ## - GENERAL NOTE
General note 1 ejemplar
504 ## - BIBLIOGRAPHY, ETC. NOTE
Bibliography, etc Incluye bibliografias e índice
505 ## - FORMATTED CONTENTS NOTE
Formatted contents note 461942-2002
600 14 - SUBJECT ADDED ENTRY--PERSONAL NAME
Personal name Casas, Bartolomé de las,
Dates associated with a name [1474-1566]
650 #4 - SUBJECT ADDED ENTRY--TOPICAL TERM
Topical term or geographic name as entry element Derechos humanos
942 ## - ADDED ENTRY ELEMENTS (KOHA)
Source of classification or shelving scheme Biblioteca del Cogreso de los Estados Unidos
Koha item type Libro
Holdings
Estado de pérdida Fuente de clasificación Estado del daño No para préstamo Ubicación permanente Ubicación actual Apartado o colección Fecha de adquisición Edición Área del conocimiento Clasificación Código de Barras Date last seen Número de copia Costo por reposición Tipo de recurso
  Biblioteca del Cogreso de los Estados Unidos     Biblioteca de la Facultad de Filosofía Biblioteca de la Facultad de Filosofía General 09/05/2016 2a. ed. Educación y Humanidades JC571 C83 2003 BFF000016562 09/05/2016 C:1 250.00 Libro